000 00706nam a2200289Ia 4500
005 20260324122805.0
008 008 260324s9999 xx 000 0 eng d
020 _a9781315556710
037 _aEBOOK
040 _aCRL
040 _beng
040 _cCRL
041 _2eng
041 _aeng
084 _qCRL
100 _aBeth Szczepanski
_91167824
245 4 _aThe Instrumental Music of Wutaishan's Buddhist Monasteries
245 0 _bSocial and Ritual Contexts
260 _bTaylor and Francis
260 _c2012
365 _a
365 _b240
856 _uhttp://www.taylorfrancis.com/books/9781315556710
942 _cEBOOK
999 _c1760826
_d1760826